000 00544nam a22001937a 4500
003 OSt
008 260107b |||||||| |||| 00| 0 eng d
082 _a581.2326
_bC35S
100 _aChoudhary, Chandrashekhar.
245 _aStudies on Stem and Root Rot of Til (Sesamum indicum L.) Caused by Macrophomina Phaseolina (Tassi) Goid
260 _a.- Pusa, Samastipur
_b: RAU
_c, 2000
300 _a56p.
502 _bM. Sc.
650 _aPlant Pathology
650 _aStem and Root
650 _aThesis
650 _aM. Sc.
942 _2ddc
_cT
999 _c49759
_d49759